| 000 | 00931nam a2200301Ia 4500 | ||
|---|---|---|---|
| 001 | 15855 | ||
| 003 | IT-RoPAU | ||
| 008 | 130308s9999 xx 000 0 und d | ||
| 040 | _aIT-RoPAU | ||
| 040 | _cIT-RoPAU | ||
| 041 | _aITALIANO | ||
| 100 | _aAgostini Roberto | ||
| 100 | _gCodice Aut. SPICS: 10059 | ||
| 245 | _aControllo poliziesco (Il) | ||
| 245 | _bTeatro del regime (Il) | ||
| 250 | _a1a ed. | ||
| 260 | _aMILANO | ||
| 260 | _bMazzotta | ||
| 260 | _c1976 [1° Ed.:1976 - Ed.Ling.Originale:1976] | ||
| 300 | _a"23 p. (prefazione: no ; testo: 23 [pagine: 60-82])" | ||
| 500 | _aNelle mani del Questore Agibilità di compagnia Autorizzazione dell'Enpalsagibilità della sala Morale buon costume e Ordine Pubblico Divieto Ai minori Siae Come Strumento di Controllo | ||
| 650 | _aINDUSTRIA TEATRALE | ||
| 650 | _eCodice materia Spics: 8406 | ||
| 942 | _cBK | ||
| 957 | _71 | ||
| 999 |
_c61478 _d61478 |
||
| 999 | _bSI | ||
| 999 | _g1 | ||